Statistics for Pokemon Showdown Sw/Sh Formats

Click here to take the quiz!

General Stats

  • This quiz has been taken 13 times
  • The average score is 8 of 19

Answer Stats

Answer% Correct
OU
73%
Random Battle
73%
Anything Goes
64%
NU
64%
PU
64%
RU
64%
Ubers
64%
UU
64%
ZU
64%
LC
45%
1v1
27%
CAP
27%
Monotype
27%
Random Battle (Blitz)
27%
Free-For-All Random Battle
18%
I Choose 'Chu!
9%
Unrated Random Battle
9%
Battle Stadium Singles
0%
OU (Blitz)
0%

Score Distribution

Percentile by Number Answered

Percent of People with Each Score

Your Score History

You have not taken this quiz